Catalog

Record Details

Catalog Search



Genies  Cover Image Book Book

Genies / Martha London.

London, Martha, (author.).

Record details

  • ISBN: 9781532165764
  • ISBN: 1532165765
  • Physical Description: 32 pages : color illustrations, color map ; 23 cm
  • Publisher: Minneapolis, Minnesota : DiscoverRoo, an imprint of Pop!, 2020

Content descriptions

General Note:
Includes index.
Subject: Jinn > Juvenile fiction.
Genies > Juvenile.

Available copies

  • 1 of 1 copy available at scottsboropl.

Holds

  • 0 current holds with 1 total copy.
Show Only Available Copies
Location Call Number / Copy Notes Barcode Shelving Location Status Due Date
scottsboropl J 398.2 Lon 32269001191843 Juvenile - NonFiction Available -

LDR 01044cam a2200301Ii 4500
001153612
003CONS
00520200311124520.0
008191003t20202020mnuab 001 0 eng d
010 . ‡a 2019942461
020 . ‡a9781532165764 ‡q(hardcover)
020 . ‡a1532165765 ‡q(hardcover)
035 . ‡a(CPomAG)LMN616135
08204. ‡a297.2/17 ‡223
1001 . ‡aLondon, Martha, ‡eauthor.
24510. ‡aGenies / ‡cMartha London.
264 1. ‡aMinneapolis, Minnesota : ‡bDiscoverRoo, an imprint of Pop!, ‡c2020
300 . ‡a32 pages : ‡bcolor illustrations, color map ; ‡c23 cm
336 . ‡atext ‡btxt ‡2rdacontent
337 . ‡aunmediated ‡bn ‡2rdamedia
338 . ‡avolume ‡bnc ‡2rdacarrier
500 . ‡aIncludes index.
650 0. ‡aJinn ‡vJuvenile fiction.
650 1. ‡aGenies ‡vJuvenile.
8001 . ‡aLondon, Martha. ‡tMythical creatures.
914 . ‡aSCP_LP ‡dLMN_cm
959 . ‡i32269001191843 ‡lJ 398.2 Lon ‡aJuvenile - NonFiction ‡tHardback ‡g30.00
852 . ‡p32269001191843 ‡jJ 398.2 Lon ‡gJuvenile - NonFiction ‡cHardback ‡y30.00 ‡bSBPL
901 . ‡a153612 ‡bUnknown ‡c153612 ‡tbiblio

Additional Resources